Subsidence in relation to insurance claims (Record no. 112796)
[ view plain ]
| 000 -LEADER | |
|---|---|
| fixed length control field | 01117cad a22002295a 4500 |
| 001 - CONTROL NUMBER | |
| control field | L153987 |
| 008 - FIXED-LENGTH DATA ELEMENTS--GENERAL INFORMATION | |
| fixed length control field | 110929s2011 xxk f 000 0 eng d |
| 020 ## - INTERNATIONAL STANDARD BOOK NUMBER | |
| International Standard Book Number | 9781842196915 |
| 035 ## - SYSTEM CONTROL NUMBER | |
| System control number | (Sirsi) u153987 |
| 041 0# - LANGUAGE CODE | |
| Language code of text/sound track or separate title | eng |
| 050 04 - LIBRARY OF CONGRESS CALL NUMBER | |
| Classification number | 690.25 $1 8 |
| 110 2# - MAIN ENTRY--CORPORATE NAME | |
| Corporate name or jurisdiction name as entry element | Royal Institution of Chartered Surveyors |
| 9 (RLIN) | 4900 |
| 245 00 - TITLE STATEMENT | |
| Title | Subsidence in relation to insurance claims |
| Medium | [electronic resource] |
| 260 ## - PUBLICATION, DISTRIBUTION, ETC. | |
| Place of publication, distribution, etc. | Coventry |
| Name of publisher, distributor, etc. | RICS |
| Date of publication, distribution, etc. | 2011 |
| 490 #0 - SERIES STATEMENT | |
| Series statement | RICS Practice Notes |
| 520 ## - SUMMARY, ETC. | |
| Summary, etc. | This guidance is for RICS members and other professionals involved with subsidence claims. The following key areas are considered: the causes of subsidence, heave and landslip, the causes of other building fractures, policy cover details, handling a subsidence claim, recoveries and contribution and relevant voluntary agreements. |
| 590 ## - LOCAL NOTE (RLIN) | |
| Local note | KA |
| 651 #4 - SUBJECT ADDED ENTRY--GEOGRAPHIC NAME | |
| Geographic name | United Kingdom |
| Chronological subdivision | |
| 690 ## - LOCAL SUBJECT ADDED ENTRY--TOPICAL TERM (OCLC, RLIN) | |
| Topical term or geographic name as entry element | BUILT ENVIRONMENT-BUILDING PATHOLOGY |
| 856 40 - ELECTRONIC LOCATION AND ACCESS | |
| Uniform Resource Identifier | <a href="https://www.rics.org/Global/Subsidence_in_relation_to_insurance_claims_1st_edition_PGguidance_2011.pdf">https://www.rics.org/Global/Subsidence_in_relation_to_insurance_claims_1st_edition_PGguidance_2011.pdf</a> |
| Public note | View the practice note online at www.rics.org (member-only access). |
| 942 ## - ADDED ENTRY ELEMENTS (KOHA) | |
| Suppress in OPAC | 0 |
| Withdrawn status | Lost status | Source of classification or shelving scheme | Damaged status | Not for loan | Home library | Current library | Shelving location | Date acquired | Total Checkouts | Full call number | Barcode | Date last seen | Copy number | Price effective from | Koha item type |
|---|---|---|---|---|---|---|---|---|---|---|---|---|---|---|---|
| Dewey Decimal Classification | London | London | RICS Boxes | 05/10/2011 | RICS 2011/45 | 30079523 | 06/08/2019 | 2 | 06/08/2019 | Book | |||||
| Dewey Decimal Classification | London | London | RICS Boxes | 05/10/2011 | RICS 2011/45 | 30079575 | 06/08/2019 | 3 | 06/08/2019 | Book | |||||
| Dewey Decimal Classification | London | London | RICS Boxes | 03/03/2014 | RICS 2011/45 | 30079319 | 06/08/2019 | 1 | 06/08/2019 | Archive | |||||
| Dewey Decimal Classification | Virtual | Virtual | Online | 29/09/2011 | ONLINE PUBLICATION | 153987-4001 | 06/08/2019 | 1 | 06/08/2019 | Book |